Nuevos desafíos de la seguridad colectiva y la conferencias de las FA. AA. en la región de América : (Registro nro. 8594)
[ vista simple ]
| 000 -CABECERA | |
|---|---|
| campo de control de longitud fija | 02658nam a2200289 4500 |
| 003 - IDENTIFICADOR DEL NÚMERO DE CONTROL | |
| campo de control | DO-SdBJH |
| 005 - FECHA Y HORA DE LA ÚLTIMA TRANSACCIÓN | |
| campo de control | 20260306173122.0 |
| 008 - DATOS DE LONGITUD FIJA--INFORMACIÓN GENERAL | |
| campo de control de longitud fija | 260306b2025 |||||||| |||| 00| 0 spa d |
| 040 ## - FUENTE DE LA CATALOGACIÓN | |
| Centro catalogador/agencia de origen | DO-SdBJH |
| Lengua de catalogación | spa |
| Centro/agencia transcriptor | DO-SdBJH |
| 041 0# - CÓDIGO DE LENGUA | |
| Código de lengua del texto/banda sonora o título independiente | spa |
| 090 ## - LOCALMENTE ASIGNADO TIPO-LC NÚMERO DE CLASIFICACIÓN (OCLC); NÚMERO DE CLASIFICACIÓN LOCAL (RLIN) | |
| Número de clasificación (OCLC) (R) ; Numero de clasificación, CALL (RLIN) (NR) | CT MA-SDN 0007 |
| Número cutter local (OCLC) ; Número de libro/Signatura topográfica íntegra, CALL (RLIN) | EGAEE 2025 |
| 100 1# - ENTRADA PRINCIPAL--NOMBRE DE PERSONA | |
| Nombre de persona | Rodríguez Rojas, Octavio |
| Término indicativo de función/relación | sustentante |
| 245 10 - MENCIÓN DE TÍTULO | |
| Título | Nuevos desafíos de la seguridad colectiva y la conferencias de las FA. AA. en la región de América : |
| Resto del título | período 2020-2023 / |
| Mención de responsabilidad, etc. | Octavio Rodríguez Rojas, Luis Enrique Ricardo Santana ; asesor de contenido Freddy Marte Acosta ; asesor metodológico Marcos Mateo Capellán. |
| 260 ## - PUBLICACIÓN, DISTRIBUCIÓN, ETC. | |
| Lugar de publicación, distribución, etc. | Santo Domingo, República Dominicana : |
| Nombre del editor, distribuidor, etc. | UNADE, |
| Fecha de publicación, distribución, etc. | 2025. |
| 300 ## - DESCRIPCIÓN FÍSICA | |
| Extensión | xxix, 139 páginas. |
| 502 ## - NOTA DE TESIS | |
| Nota de tesis | Tesis y trabajos de grado (Maestría en Seguridad y Defensa)--Universidad Nacional para la Defensa "General Juan Pablo Duarte y Díez", Escuela de Graduados de Altos Estudios Estratégico, Santo Domingo, 2025. |
| 504 ## - NOTA DE BIBLIOGRAFÍA, ETC. | |
| Nota de bibliografía, etc. | Incluye referencias bibliográficas y anexos. |
| 505 ## - NOTA DE CONTENIDO CON FORMATO | |
| Nota de contenido con formato | Antecedentes, fundamentos y características de la política de Seguridad colectiva en el escenario internacional -- Principales instrumentos de la política de seguridad colectiva en el Continente Americano -- Nuevos desafíos de la seguridad colectiva y la conferencias de las Fuerzas Armadas en la región Americana. |
| 520 ## - SUMARIO, ETC. | |
| Sumario, etc. | El presente trabajo refiere acerca de los nuevos desafíos de la política de seguridad colectiva y la conferencia de las Fuerzas Armadas Centroamericanas (CFAC) en la región americana, en el mismo se propone su transformación de un modelo cooperativo a uno de seguridad colectiva, en respuesta a la creciente complejidad de las amenazas emergentes en Centroamérica. El principio central de la seguridad colectiva radica en que un ataque a un miembro es considerado una agresión al conjunto. Actualmente la CFAC opera bajo el paradigma se seguridad cooperativa, enfocado principalmente en la prevención y reducción de la probabilidad de amenazas en la región. Esta limitación resulta insuficiente para enfrentar amenazas emergentes, como el crimen organizado transnacional, que, requiere respuestas inmediatas y vinculantes. |
| 650 #7 - PUNTO DE ACCESO ADICIONAL DE MATERIA--TÉRMINO DE MATERIA | |
| Fuente del encabezamiento o término | lemb |
| Término de materia o nombre geográfico como elemento de entrada | Seguridad colectiva |
| Subdivisión de forma | Investigaciones |
| Subdivisión general | Centroamérica |
| Subdivisión cronológica | 2020-2023 |
| Subdivisión geográfica | Centroamérica |
| 650 #7 - PUNTO DE ACCESO ADICIONAL DE MATERIA--TÉRMINO DE MATERIA | |
| Término de materia o nombre geográfico como elemento de entrada | Seguridad regional |
| Subdivisión de forma | Investigaciones |
| Subdivisión cronológica | 2020-2023 |
| Subdivisión geográfica | Centroamérica |
| 650 #7 - PUNTO DE ACCESO ADICIONAL DE MATERIA--TÉRMINO DE MATERIA | |
| Fuente del encabezamiento o término | lemb |
| Término de materia o nombre geográfico como elemento de entrada | Crimen organizado transnacional |
| Subdivisión de forma | Investigaciones |
| Subdivisión general | Prevención |
| Subdivisión cronológica | 2020-2023 |
| 700 1# - PUNTO DE ACCESO ADICIONAL--NOMBRE DE PERSONA | |
| Nombre de persona | Ricardo Santana, Luis Enrique |
| Término indicativo de función/relación | sustentante |
| 700 1# - PUNTO DE ACCESO ADICIONAL--NOMBRE DE PERSONA | |
| Nombre de persona | Marte Acosta, Freddy |
| Término indicativo de función/relación | asesor de contenido |
| 700 1# - PUNTO DE ACCESO ADICIONAL--NOMBRE DE PERSONA | |
| Nombre de persona | Mateo Capellán, Marcos |
| Término indicativo de función/relación | asesor metodológico |
| 942 ## - ELEMENTOS DE PUNTO DE ACCESO ADICIONAL (KOHA) | |
| Fuente del sistema de clasificación o colocación | Clasificación Local |
| Tipo de ítem Koha | Tesis |
| Estado de retiro | Estado de pérdida | Fuente del sistema de clasificación o colocación | Estado dañado | No para préstamo | Código de colección | Localización permanente | Ubicación/localización actual | Ubicación en estantería | Fecha de adquisición | Número de inventario | Total de préstamos | Signatura topográfica completa | Código de barras | Fecha visto por última vez | Número de copia | Precio válido a partir de | Tipo de ítem Koha |
|---|---|---|---|---|---|---|---|---|---|---|---|---|---|---|---|---|---|
| Clasificación Local | Trabajos de Grado e Investigción | SIBM UNADE - Biblioteca Sede Central | SIBM UNADE - Biblioteca Sede Central | En estantería | 03/06/2026 | 25-02508 | CT MA-SDN 0007 EGAEE 2025 | 25-02508 | 03/06/2026 | 1 | 03/06/2026 | Tesis |
